000 01048pam a2200289 a 4500
001 3416154
003 OSt
005 20230620112459.0
008 900328s1990 enk b 001 0 eng
010 _a 90035576
020 _a0198277571 :
_c£27.50 (est.)
020 _a0198278608 (pbk.) :
_c£9.95 (est.)
040 _aDLC
_cDLC
_dDLC
043 _ae-uk---
082 0 0 _a320.94
_bKAV
100 1 _aKavanagh, Dennis.
245 1 0 _aBritish politics :
_bcontinuities and change /
_cDennis Kavanagh.
250 _a2nd ed.
260 _aOxford [England] ;
_aNew York :
_bOxford University Press,
_c1990.
300 _axii, 336 p. ;
_c24 cm.
504 _aIncludes bibliographical references and index.
651 0 _aGreat Britain
_xPolitics and government.
856 4 2 _3Publisher description
_uhttp://www.loc.gov/catdir/enhancements/fy0639/90035576-d.html
906 _a7
_bcbc
_corignew
_d1
_eocip
_f19
_gy-gencatlg
942 _2ddc
_cBK
999 _c1640
_d1640